Applied industrial catalysis /
Guardado en:
| Otros Autores: | |
|---|---|
| Formato: | Libro |
| Idioma: | English |
| Publicado: |
New York :
Academic Press,
1983-1984.
|
| Materias: | |
| Etiquetas: |
Agregar Etiqueta
Sin Etiquetas, Sea el primero en etiquetar este registro!
|
| LEADER | 00820cam a2200241 a 4500 | ||
|---|---|---|---|
| 001 | EIQ.libpla004311 | ||
| 008 | 821122m19831984nyua#####b####001#0#eng## | ||
| 005 | 20121213152942.0 | ||
| 245 | 0 | 0 | |a Applied industrial catalysis / |c edited by Bruce E. Leach. |
| 260 | |a New York : |b Academic Press, |c 1983-1984. | ||
| 300 | |a 2 v. : |b il. ; |c 24 cm. | ||
| 504 | |a Incluye referencias bibliográficas e índices. | ||
| 020 | |a 0124402011 (v. 1 : alk. paper) | ||
| 020 | |a 012440202X (v. 2 : alk. paper) | ||
| 700 | 1 | |a Leach, Bruce E. | |
| 082 | 0 | 0 | |a 660.2995 |2 21 |
| 650 | 0 | |a Catalysis. | |
| 650 | 0 | |a Catálisis. | |
| 010 | |a 82022751 | ||
| 040 | |a DLC |c DLC |d DLC | ||
| 050 | 0 | 0 | |a TP156.C35 |b A66 1983 |
| 859 | |a AR-BbSID |b BIB. PLAPIQUI |h 660.2995 |i L465 |p 6184 |v 1 |3 Vol. 1 | ||
| 859 | |a AR-BbSID |b BIB. PLAPIQUI |h 660.2995 |i L465 |p 6185 |v 2 |3 Vol. 2 | ||
